000 00847nam a22002537a 4500
003 OSt
005 20260508023436.0
008 260508b |||||||| |||| 00| 0 eng d
020 _a978-621-00-0319-2
040 _aDWCL Main Lib.
_cOC
082 _aFil. 700 M985 2016
100 _aConcha. Argie A.
_eAuthor
245 _aMusic, arts, physical education & health 10 /
_cArgie A. Concha [and three others]
260 _aQuezon City, Philippines :
_b[name of publisher not identified],
_cc2016,
300 _aviii, 60 pages:
_billustration;
_c26 cm.
650 _a1. Music.
650 _a2. Arts.
650 _a3. Physical Education.
650 _a4. Health.
700 _aI. Ganzon, Carlo Luis C.
_eAuthor
700 _aII. Tungala, Jessica S.
_eAuthor
700 _aIII. Fulgencio, Maria Gracia A.
_eAuthor
942 _2ddc
_cBK-FIL
_n0
999 _c10321
_d10321